Proceedings of the regional workshop on role of information and communication technology for poverty alleviation through agricultural development in SAARC countries, 22-23 Oct 2003, Dhaka, Bangladesh (Record no. 44112)

MARC details
000 -LEADER
fixed length control field 00445nam a2200109Ia 4500
082 ## - DEWEY DECIMAL CLASSIFICATION NUMBER
Classification number 631:37:004
Item number ROY
100 ## - MAIN ENTRY--AUTHOR NAME
Personal name Roy, Ajitkumar
245 #0 - TITLE STATEMENT
Title Proceedings of the regional workshop on role of information and communication technology for poverty alleviation through agricultural development in SAARC countries, 22-23 Oct 2003, Dhaka, Bangladesh
260 ## - PUBLICATION, DISTRIBUTION, ETC. (IMPRINT)
Place of publication Bangladesh
Name of publisher SAIC
Year of publication 2003
942 ## - ADDED ENTRY ELEMENTS (KOHA)
Koha item type Books
Holdings
Withdrawn status Lost status Damaged status Not for loan Home library Current library Date acquired Source of acquisition Full call number Accession Number Koha item type
        RRII Library RRII Library 16/12/2021 Gift 631:37:004 ROY G00860 Books